[Event "Mecklenburg VP LL 1617"]
[Site "Mecklenburg VP"]
[Date "2017.03.19"]
[Round "7.1"]
[White "Ispirjan, Mikael"]
[Black "Csillag, Istvan"]
[Result "0-1"]
[WhiteElo "1998"]
[BlackElo "1986"]
[PlyCount "80"]
[EventDate "2016.10.16"]
[EventType "team-tourn"]
[EventRounds "9"]
[EventCountry "GER"]
[SourceTitle "EXT 2022"]
[Source "ChessBase"]
[SourceDate "2021.10.06"]
[SourceVersion "1"]
[SourceVersionDate "2021.10.06"]
[SourceQuality "1"]
[WhiteTeam "Torgelow Droegeheide"]
[BlackTeam "Neubrandenburg SG Eintracht"]
[WhiteTeamCountry "GER"]
[BlackTeamCountry "GER"]

1. e4 e5 2. Nf3 Nf6 3. Nxe5 d6 4. Nf3 Nxe4 5. d4 d5 6. Bd3 Bg4 7. Nbd2 Nxd2 8. Bxd2 Be7 9. c3 Nd7 10. Qc2 Bxf3 11. gxf3 Nf6 12. 0-0-0 Qd6 13. Rhg1 g6 14. Bg5 0-0-0 15. h4 Nh5 16. Qd2 Rhe8 17. f4 Bxg5 18. fxg5 Re7 19. Rde1 Rde8 20. Rxe7 Rxe7 21. Re1 Rxe1+ 22. Qxe1 Kd7 23. Qe3 Qh2 24. Be2 Qxh4 25. Bxh5 gxh5 26. Kd2 Qg4 27. Qe5 Qf3 28. Qh2 Kc6 29. b3 Kd7 30. Qh4 Ke6 31. Qh2 Kf5 32. Qxc7 Qf4+ 33. Qxf4+ Kxf4 34. Ke2 b5 35. f3 h4 36. Kf2 Kxg5 37. Kg2 Kf4 38. a3 Ke3 39. c4 Kxd4 40. cxb5 Kc5 0-1

[Event "Mecklenburg VP VL 1314"]
[Site "Mecklenburg VP"]
[Date "2014.02.23"]
[Round "6.1"]
[White "Westphal, Wolfgang"]
[Black "Ispirjan, Mikael"]
[Result "1/2-1/2"]
[WhiteElo "2100"]
[BlackElo "1952"]
[PlyCount "168"]
[EventDate "2013.10.20"]
[EventType "team-tourn"]
[EventRounds "9"]
[EventCountry "GER"]
[SourceTitle "EXT 2022"]
[Source "ChessBase"]
[SourceDate "2021.10.06"]
[SourceVersion "1"]
[SourceVersionDate "2021.10.06"]
[SourceQuality "1"]
[WhiteTeam "Schwerin SF II"]
[BlackTeam "Torgelow Droegeheide"]
[WhiteTeamCountry "GER"]
[BlackTeamCountry "GER"]

1. e4 c6 2. d4 d5 3. e5 Bf5 4. Be3 e6 5. Nd2 Nd7 6. Ngf3 Bg4 7. Be2 Ne7 8. h3 Bxf3 9. Nxf3 Nf5 10. 0-0 c5 11. c4 cxd4 12. Bxd4 Nxd4 13. Qxd4 Bc5 14. Qg4 0-0 15. cxd5 exd5 16. Rad1 Nb6 17. Bd3 g6 18. h4 Re8 19. h5 Qd7 20. Qxd7 Nxd7 21. Bb5 Nxe5 22. Bxe8 Nxf3+ 23. gxf3 Rxe8 24. Rxd5 b6 25. a3 a5 26. Rfd1 Re2 27. h6 Kf8 28. f4 Bxf2+ 29. Kf1 Rxb2 30. Re5 Bh4 31. Rc1 Rd2 32. Rc8+ Rd8 33. Rc6 Be7 34. Rxb6 Bxa3 35. Rxa5 Bc1 36. Rb7 Bxf4 37. Raa7 Bxh6 38. Rxf7+ Kg8 39. Rxh7 Bf8 40. Rhc7 Rd5 41. Kg2 Rd3 42. Ra8 Rd6 43. Kh3 Rf6 44. Kg4 Rf7 45. Rc6 Kh7 46. Raa6 Rg7 47. Rf6 Bb4 48. Ra8 Bc3 49. Rf1 Re7 50. Rc8 Bg7 51. Rh1+ Bh6 52. Rc2 Re4+ 53. Kf3 Re3+ 54. Kf2 Re7 55. Rc3 Kg7 56. Rch3 Bg5 57. Rh7+ Kf6 58. Rxe7 Kxe7 59. Kf3 Bf6 60. Ke4 g5 61. Kf5 Bc3 62. Kxg5 Kd6 63. Kf5 Bd4 64. Ke4 Bf2 65. Rf1 Bg3 66. Rg1 Bh4 67. Rd1+ Kc6 68. Rd5 Bf2 69. Rf5 Bg1 70. Rf6+ Kb7 71. Kd5 Bh2 72. Rg6 Bf4 73. Rc6 Bh2 74. Kc5 Bg1+ 75. Kb5 Bh2 76. Rh6 Bg3 77. Rh7+ Kb8 78. Kc6 Be5 79. Rb7+ Ka8 80. Rd7 Bf4 81. Rd3 Bh2 82. Rh3 Be5 83. Rh4 Bg3 84. Rh7 Bf4 1/2-1/2

[Event "Mecklenburg VP VL 1314"]
[Site "Mecklenburg VP"]
[Date "2013.12.15"]
[Round "4.1"]
[White "Ispirjan, Mikael"]
[Black "Dettmann, Gerd"]
[Result "0-1"]
[WhiteElo "1952"]
[BlackElo "2088"]
[PlyCount "74"]
[EventDate "2013.10.20"]
[EventType "team-tourn"]
[EventRounds "9"]
[EventCountry "GER"]
[SourceTitle "EXT 2022"]
[Source "ChessBase"]
[SourceDate "2021.10.06"]
[SourceVersion "1"]
[SourceVersionDate "2021.10.06"]
[SourceQuality "1"]
[WhiteTeam "Torgelow Droegeheide"]
[BlackTeam "Guestrow/Teterow"]
[WhiteTeamCountry "GER"]
[BlackTeamCountry "GER"]

1. e4 c5 2. Nc3 Nc6 3. Nf3 e6 4. g3 Nf6 5. Bg2 d5 6. exd5 exd5 7. d4 Bg4 8. Qe2+ Be7 9. dxc5 0-0 10. 0-0 Re8 11. Qb5 Qc8 12. Bf4 Bxf3 13. Bxf3 Nd4 14. Qd3 Nxf3+ 15. Qxf3 Qxc5 16. Bg5 Ne4 17. Bxe7 Rxe7 18. Nxe4 dxe4 19. Qe2 h5 20. c4 h4 21. Rad1 hxg3 22. hxg3 Rae8 23. Rd5 Qc6 24. b3 Re6 25. Rfd1 e3 26. f3 a6 27. b4 Qc7 28. Kg2 Rg6 29. g4 Rh6 30. Rh1 Rxh1 31. Kxh1 Qg3 32. Rd1 Re6 33. Qg2 Rh6+ 34. Kg1 Qf4 35. Qe2 Rh3 36. Rd8+ Kh7 37. Qd3+ g6 0-1

[Event "Mecklenburg VP VL 1314"]
[Site "Mecklenburg VP"]
[Date "2013.10.20"]
[Round "1.1"]
[White "Engel, Gunnar"]
[Black "Ispirjan, Mikael"]
[Result "1/2-1/2"]
[WhiteElo "2040"]
[BlackElo "1952"]
[PlyCount "97"]
[EventDate "2013.10.20"]
[EventType "team-tourn"]
[EventRounds "9"]
[EventCountry "GER"]
[SourceTitle "EXT 2022"]
[Source "ChessBase"]
[SourceDate "2021.10.06"]
[SourceVersion "1"]
[SourceVersionDate "2021.10.06"]
[SourceQuality "1"]
[WhiteTeam "Rostock SSC 07 II"]
[BlackTeam "Torgelow Droegeheide"]
[WhiteTeamCountry "GER"]
[BlackTeamCountry "GER"]

1. Nf3 Nf6 2. g3 b6 3. Bg2 Bb7 4. d3 e6 5. e4 d6 6. 0-0 c5 7. c4 Be7 8. Nc3 0-0 9. Re1 Nfd7 10. d4 cxd4 11. Nxd4 a6 12. Be3 Qc7 13. Rc1 Rd8 14. f4 Nc6 15. Nd5 exd5 16. cxd5 Ndb8 17. dxc6 Nxc6 18. Nxc6 Bxc6 19. Qc2 Rac8 20. Bh3 Qb7 21. Bxc8 Rxc8 22. Bd4 Bd7 23. Qd2 Rxc1 24. Qxc1 d5 25. e5 Bf5 26. Qc3 h5 27. Rc1 Bd8 28. Qc6 Qd7 29. Qxd7 Bxd7 30. Rc3 Kh7 31. f5 b5 32. Rc5 Bxf5 33. Rxd5 Be7 34. Be3 Be6 35. Rd1 Bxa2 36. Ra1 Be6 37. Rxa6 h4 38. Ra7 Bd8 39. Rb7 hxg3 40. Rxb5 gxh2+ 41. Kxh2 Kg6 42. Bc5 Bg5 43. Bd6 Bf4+ 44. Kg2 Kf5 45. Rc5 Be3 46. Ra5 g5 47. Bc5 Bd5+ 48. Kf1 Bd2 49. b4 1/2-1/2

[Event "GER-chT Lands U20"]
[Site "Hannover"]
[Date "2013.10.06"]
[Round "7.2"]
[White "Ispirjan, Mikael"]
[Black "Gibicar, Danijel"]
[Result "0-1"]
[WhiteElo "1952"]
[BlackElo "2130"]
[PlyCount "64"]
[EventDate "2013.10.02"]
[EventType "team-swiss"]
[EventRounds "7"]
[EventCountry "GER"]
[SourceTitle "EXT 2014"]
[Source "ChessBase"]
[SourceDate "2013.11.20"]
[SourceVersion "1"]
[SourceVersionDate "2013.11.20"]
[SourceQuality "1"]
[WhiteTeam "Mecklenburg Vorpommern"]
[BlackTeam "Wuerttemberg"]
[WhiteTeamCountry "GER"]
[BlackTeamCountry "GER"]

1. e4 e6 2. d4 d5 3. Nc3 Bb4 4. e5 c5 5. a3 Bxc3+ 6. bxc3 Ne7 7. Qg4 0-0 8. Bd3 f5 9. exf6 Rxf6 10. Qh4 h6 11. g4 Qa5 12. Bd2 c4 13. g5 Rf7 14. gxh6 cxd3 15. Nh3 gxh6 16. Qxh6 Rg7 17. Nf4 Nf5 18. Qh5 Qd8 19. Ng6 Rh7 20. Qg4 Ng7 21. Ne5 Nc6 22. Nf3 e5 23. Qg6 Bf5 24. Qg3 Rh3 25. Qg2 Rxf3 26. Rg1 Bg4 27. Qxg4 Rf7 28. h4 exd4 29. Kf1 Qf6 30. Rg2 Ne5 31. Qg3 Nf3 32. Bg5 Qa6 0-1

[Event "GER-chT Lands U20"]
[Site "Hannover"]
[Date "2013.10.04"]
[Round "5.2"]
[White "Baskin, Robert"]
[Black "Ispirjan, Mikael"]
[Result "1-0"]
[WhiteElo "2177"]
[BlackElo "1952"]
[PlyCount "83"]
[EventDate "2013.10.02"]
[EventType "team-swiss"]
[EventRounds "7"]
[EventCountry "GER"]
[SourceTitle "EXT 2014"]
[Source "ChessBase"]
[SourceDate "2013.11.20"]
[SourceVersion "1"]
[SourceVersionDate "2013.11.20"]
[SourceQuality "1"]
[WhiteTeam "Hessen"]
[BlackTeam "Mecklenburg Vorpommern"]
[WhiteTeamCountry "GER"]
[BlackTeamCountry "GER"]

1. e4 c6 2. d4 d5 3. Nc3 b5 4. a3 a6 5. Bd3 dxe4 6. Bxe4 Nf6 7. Bf3 e6 8. Nge2 Be7 9. 0-0 0-0 10. Ng3 Bb7 11. Bf4 Nbd7 12. Nce4 Nd5 13. Bd6 Bxd6 14. Nxd6 Qc7 15. Nxb7 Qxb7 16. b3 N7b6 17. Qd3 Rad8 18. c4 Nf6 19. Qc3 Rc8 20. a4 Qc7 21. Rfc1 bxc4 22. bxc4 c5 23. dxc5 Qxc5 24. Bb7 Rc7 25. Bxa6 h5 26. a5 Nbd7 27. h3 Rd8 28. Qa3 Qa7 29. Bb5 Ne5 30. Rd1 Rdc8 31. Rac1 g6 32. Qb4 h4 33. Ne2 Ne4 34. Nd4 Nd7 35. Bxd7 Rxd7 36. Qb6 Qa8 37. Nxe6 Rxd1+ 38. Rxd1 fxe6 39. Qxe6+ Kh7 40. Qe7+ Kh6 41. Qxh4+ Kg7 42. Rd7+ 1-0

[Event "GER-chT Lands U20"]
[Site "Hannover"]
[Date "2013.10.03"]
[Round "2.2"]
[White "Heinemann, Josefine"]
[Black "Ispirjan, Mikael"]
[Result "1/2-1/2"]
[WhiteElo "2011"]
[BlackElo "1952"]
[PlyCount "66"]
[EventDate "2013.10.02"]
[EventType "team-swiss"]
[EventRounds "7"]
[EventCountry "GER"]
[SourceTitle "EXT 2014"]
[Source "ChessBase"]
[SourceDate "2013.11.20"]
[SourceVersion "1"]
[SourceVersionDate "2013.11.20"]
[SourceQuality "1"]
[WhiteTeam "Sachsen Anhalt"]
[BlackTeam "Mecklenburg Vorpommern"]
[WhiteTeamCountry "GER"]
[BlackTeamCountry "GER"]

1. e4 c6 2. c4 d5 3. exd5 cxd5 4. cxd5 Nf6 5. Nc3 Nxd5 6. Nf3 Nc6 7. Bb5 e6 8. 0-0 Be7 9. d4 0-0 10. Re1 Bf6 11. Ne4 Nce7 12. Bd3 h6 13. Nxf6+ Nxf6 14. Ne5 Nf5 15. Be3 b6 16. Qf3 Qd5 17. Qxd5 Nxd5 18. Bxf5 exf5 19. Nd3 Bb7 20. Nf4 Nb4 21. Rec1 g5 22. Bd2 Nc6 23. d5 Nd4 24. Bc3 Nb5 25. Nh5 Nxc3 26. Rxc3 Rfd8 27. Rd1 Rd6 28. Ng3 Rxd5 29. Rxd5 Bxd5 30. Nxf5 Bxa2 31. Nxh6+ Kh7 32. Nf5 Rd8 33. Ne3 Rd2 1/2-1/2

[Event "GER-ch U18"]
[Site "Oberhof"]
[Date "2013.05.20"]
[Round "3"]
[White "Stahnecker, Ludwig"]
[Black "Ispirjan, Mikael"]
[Result "1-0"]
[WhiteElo "2109"]
[BlackElo "1942"]
[PlyCount "81"]
[EventDate "2013.05.19"]
[EventType "swiss"]
[EventRounds "9"]
[EventCountry "GER"]
[SourceTitle "CBM 154 Extra"]
[Source "ChessBase"]
[SourceDate "2013.06.25"]
[SourceVersion "2"]
[SourceVersionDate "2013.06.25"]
[SourceQuality "1"]

1. e4 c6 2. d4 d5 3. exd5 cxd5 4. c4 Nf6 5. Nc3 Nc6 6. Bg5 e6 7. Nf3 Be7 8. c5 0-0 9. Bb5 Bd7 10. 0-0 a5 11. a3 Qc7 12. Qd3 Rfd8 13. Rfe1 Be8 14. Bh4 Nh5 15. Bxe7 Qxe7 16. Na4 Nf4 17. Qe3 Qf6 18. Nb6 Rab8 19. g3 Ng6 20. Bxc6 Bxc6 21. b4 axb4 22. axb4 Ne7 23. Ne5 Qf5 24. Ra3 Qc2 25. Nxf7 Rf8 26. Nd6 e5 27. b5 Be8 28. Nxe8 Rbxe8 29. Rc3 Qb2 30. Re2 Qa1+ 31. Re1 Qb2 32. dxe5 Rxf2 33. Qxf2 Qxc3 34. Nd7 d4 35. e6 Nf5 36. Re4 Qc1+ 37. Kg2 Qg5 38. g4 Ne3+ 39. Rxe3 Qxg4+ 40. Kh1 Ra8 41. Nf6+ 1-0

[Event "Mecklenburg VP-ch MT"]
[Site "Rostock"]
[Date "2013.05.11"]
[Round "5.6"]
[White "Ispirjan, Mikael"]
[Black "Celmer, Ole"]
[Result "1-0"]
[WhiteElo "1942"]
[BlackElo "1882"]
[PlyCount "135"]
[EventDate "2013.05.09"]
[EventType "swiss"]
[EventRounds "7"]
[EventCountry "GER"]
[SourceTitle "EXT 2023"]
[Source "ChessBase"]
[SourceDate "2022.10.05"]
[SourceVersion "1"]
[SourceVersionDate "2022.10.05"]
[SourceQuality "1"]

1. e4 e5 2. Nf3 Nc6 3. Bb5 a6 4. Ba4 Nf6 5. 0-0 Be7 6. Re1 b5 7. Bb3 0-0 8. c3 d5 9. exd5 Nxd5 10. Nxe5 Nxe5 11. Rxe5 c6 12. Bxd5 cxd5 13. d4 Bd6 14. Re1 Qh4 15. g3 Qh3 16. Qf3 Bf5 17. Qxd5 Rae8 18. Bd2 Bd3 19. Qg2 Qf5 20. Be3 Be4 21. f3 Bxf3 22. Qf2 Qd5 23. Nd2 Bg4 24. b3 Re6 25. c4 Qh5 26. Bf4 Bxf4 27. Qxf4 Rh6 28. Nf1 Rf6 29. Qd2 Rf3 30. Re3 f5 31. Rxf3 Bxf3 32. Re1 f4 33. d5 Bg4 34. gxf4 Qg6 35. Re5 Bh3+ 36. Ng3 bxc4 37. bxc4 h5 38. Rxh5 Qb6+ 39. Qf2 Qb1+ 40. Nf1 Qxf1+ 41. Qxf1 Bxf1 42. Kxf1 Rxf4+ 43. Ke2 Rxc4 44. Kd3 Ra4 45. d6 Kf7 46. Re5 Rxa2 47. d7 Ra1 48. Kc2 Ra2+ 49. Kc3 Ra3+ 50. Kc4 Ra4+ 51. Kc5 Ra5+ 52. Kc6 Rxe5 53. d8Q Re6+ 54. Kd5 Rf6 55. Qd7+ Kg8 56. Ke5 Kf8 57. Qc8+ Kf7 58. h3 Kg6 59. Qg8 a5 60. Ke4 a4 61. h4 Rf7 62. h5+ Kf6 63. Qh8 Kg5 64. Qh7 Re7+ 65. Kd5 a3 66. h6 a2 67. hxg7 Kf6 68. g8N+ 1-0

[Event "Mecklenburg VP-ch MT"]
[Site "Rostock"]
[Date "2013.05.10"]
[Round "4.8"]
[White "Ispirjan, Mikael"]
[Black "Hamann, Dirk"]
[Result "1/2-1/2"]
[WhiteElo "1942"]
[BlackElo "2014"]
[PlyCount "114"]
[EventDate "2013.05.09"]
[EventType "swiss"]
[EventRounds "7"]
[EventCountry "GER"]
[SourceTitle "EXT 2023"]
[Source "ChessBase"]
[SourceDate "2022.10.05"]
[SourceVersion "1"]
[SourceVersionDate "2022.10.05"]
[SourceQuality "1"]

1. d4 Nf6 2. g3 g6 3. Bg2 Bg7 4. Nf3 0-0 5. 0-0 d5 6. c4 dxc4 7. Ne5 c6 8. Nc3 Nbd7 9. Nxc4 Nb6 10. Ne5 Ng4 11. Nxg4 Bxg4 12. h3 Be6 13. e3 Qd7 14. Kh2 Rad8 15. Na4 Nxa4 16. Qxa4 h5 17. a3 a6 18. Qb4 f5 19. Bd2 Bf6 20. Qc5 Bd5 21. Ba5 Bxg2 22. Kxg2 Qd5+ 23. Qxd5+ Rxd5 24. Bb4 Rfd8 25. Rac1 e5 26. dxe5 Bxe5 27. Rc2 Kf7 28. Rfc1 Ke6 29. Kf3 Rd1 30. Rxd1 Rxd1 31. Bd2 Kd6 32. Ke2 Rb1 33. Bc1 c5 34. Kd1 b5 35. Rd2+ Kc7 36. Kc2 Ra1 37. g4 hxg4 38. hxg4 Kc6 39. gxf5 gxf5 40. f4 Bf6 41. Rh2 Kd5 42. Rh6 Ke6 43. Bd2 Kf7 44. Rh7+ Bg7 45. Bc3 Rg1 46. Bxg7 Rxg7 47. Rxg7+ Kxg7 48. a4 Kf6 49. axb5 axb5 50. Kd3 Ke6 51. e4 c4+ 52. Kd4 fxe4 53. Kxe4 b4 54. Kd4 c3 55. bxc3 bxc3 56. Kd3 Kf5 57. Kxc3 Kxf4 1/2-1/2

[Event "Mecklenburg VP VL 1213"]
[Site "Mecklenburg VP"]
[Date "2013.04.28"]
[Round "9.1"]
[White "Ispirjan, Mikael"]
[Black "Waschk, Armin"]
[Result "1-0"]
[WhiteElo "1961"]
[BlackElo "2088"]
[PlyCount "103"]
[EventDate "2012.10.14"]
[EventType "team-tourn"]
[EventRounds "9"]
[EventCountry "GER"]
[SourceTitle "EXT 2022"]
[Source "ChessBase"]
[SourceDate "2021.10.06"]
[SourceVersion "1"]
[SourceVersionDate "2021.10.06"]
[SourceQuality "1"]
[WhiteTeam "Torgelow Droegeheide"]
[BlackTeam "Neubrandenburg SG Eintracht"]
[WhiteTeamCountry "GER"]
[BlackTeamCountry "GER"]

1. e4 c5 2. Nf3 d6 3. d4 cxd4 4. Nxd4 a6 5. Nc3 e5 6. Nde2 Nf6 7. g3 Be7 8. Bg2 0-0 9. a4 Nc6 10. 0-0 Be6 11. b3 Rc8 12. Ba3 Qc7 13. Rc1 Rfd8 14. Nd5 Bxd5 15. exd5 Nb8 16. c4 Nbd7 17. Bh3 Rb8 18. Nc3 Nf8 19. Qd3 Ng6 20. Rfd1 Re8 21. Ne4 Nxe4 22. Qxe4 b6 23. Bf5 Nf8 24. Bh3 g6 25. Qe2 a5 26. Qd2 f5 27. Ra1 Nd7 28. b4 Qxc4 29. bxa5 bxa5 30. Rdc1 Qb3 31. Qxa5 Nb6 32. Bg2 e4 33. Bf1 Kf8 34. Rc6 Red8 35. Qd2 Qxd5 36. Qh6+ Kg8 37. Bb2 Qf7 38. a5 Nc8 39. Bd4 Bf8 40. Qg5 Be7 41. Qh6 d5 42. Rac1 Nd6 43. a6 Ne8 44. Qf4 Bf8 45. Bb6 Bd6 46. Qe3 f4 47. Qd4 e3 48. Bxd8 fxg3 49. fxg3 Qf2+ 50. Kh1 Rxd8 51. Qxd5+ Kg7 52. Qd4+ 1-0

[Event "Norderstedt op"]
[Site "Norderstedt"]
[Date "2013.03.30"]
[Round "5"]
[White "Ispirjan, Mikael"]
[Black "Stabolewski, Andreas"]
[Result "0-1"]
[WhiteElo "1926"]
[BlackElo "2205"]
[PlyCount "106"]
[EventDate "2013.03.28"]
[EventType "swiss"]
[EventRounds "9"]
[EventCountry "GER"]
[SourceTitle "EXT 2015"]
[Source "ChessBase"]
[SourceDate "2014.11.20"]
[SourceVersion "1"]
[SourceVersionDate "2014.11.20"]
[SourceQuality "1"]

1. e4 c5 2. Nf3 d6 3. d4 Nf6 4. Nc3 cxd4 5. Nxd4 Nc6 6. Nde2 e5 7. g3 h5 8. Bg5 Bg4 9. Bg2 Nd4 10. Qd3 Nxe2 11. Nxe2 Qa5+ 12. Bd2 Qb6 13. Nc3 Rc8 14. 0-0 Be7 15. b3 a6 16. Na4 Qd4 17. Qxd4 exd4 18. c4 b5 19. Nb2 0-0 20. Rac1 Nd7 21. Rfe1 bxc4 22. Rxc4 Rxc4 23. Nxc4 Ne5 24. Bf4 Nxc4 25. bxc4 g5 26. Bd2 Rb8 27. e5 dxe5 28. h3 Be6 29. Rxe5 Kf8 30. Bxg5 Rb1+ 31. Kh2 Bxg5 32. Rxg5 d3 33. Rxh5 d2 34. Bf3 d1Q 35. Bxd1 Rxd1 36. a3 Bxc4 37. Rc5 Bb5 38. Rc3 Bd7 39. g4 a5 40. Kg3 a4 41. Kf4 Be6 42. Ke3 Ra1 43. f4 Bb3 44. Kd4 Rxa3 45. Kc5 Ra1 46. Kb4 Rf1 47. f5 Kg7 48. Ka3 Rf4 49. Rg3 Kf6 50. h4 Bd1 51. g5+ Kxf5 52. Rh3 Rf3+ 53. Rxf3+ Bxf3 0-1

[Event "GER-chT Lands U20"]
[Site "Hannover"]
[Date "2012.10.03"]
[Round "7.2"]
[White "Hampel, Felix"]
[Black "Ispirjan, Mikael"]
[Result "1-0"]
[WhiteElo "2142"]
[BlackElo "1933"]
[PlyCount "69"]
[EventDate "2012.09.29"]
[EventType "team-swiss"]
[EventRounds "7"]
[EventCountry "GER"]
[SourceTitle "CBM 150 Extra"]
[Source "ChessBase"]
[SourceDate "2012.10.19"]
[SourceVersion "1"]
[SourceVersionDate "2012.10.19"]
[SourceQuality "1"]
[WhiteTeam "Niedersachsen II"]
[BlackTeam "Mecklenburg Vorpommern"]
[WhiteTeamCountry "GER"]
[BlackTeamCountry "GER"]

1. c4 Nf6 2. Nf3 c5 3. g3 b6 4. Bg2 Bb7 5. 0-0 e6 6. Nc3 Be7 7. d4 cxd4 8. Qxd4 0-0 9. Bg5 d6 10. Rfd1 Nc6 11. Qf4 Qb8 12. Rac1 Rd8 13. Rc2 d5 14. Qxb8 Raxb8 15. cxd5 Nb4 16. Rcd2 Nbxd5 17. Nxd5 Rxd5 18. Bf4 Rxd2 19. Nxd2 Bxg2 20. Bxb8 Bd5 21. Bxa7 Nd7 22. Nc4 Kf8 23. Nxb6 Nxb6 24. Bxb6 Bxa2 25. e4 f5 26. f3 g5 27. Rc1 Bf6 28. exf5 exf5 29. b4 g4 30. f4 h5 31. Bf2 Ke7 32. b5 Bd5 33. b6 Kd6 34. Rd1 Ke6 35. Rxd5 1-0

[Event "GER-chT Lands U20"]
[Site "Hannover"]
[Date "2012.09.30"]
[Round "3.2"]
[White "Ispirjan, Mikael"]
[Black "Elkmann, Janek"]
[Result "0-1"]
[WhiteElo "1933"]
[BlackElo "2021"]
[PlyCount "46"]
[EventDate "2012.09.29"]
[EventType "team-swiss"]
[EventRounds "7"]
[EventCountry "GER"]
[SourceTitle "CBM 150 Extra"]
[Source "ChessBase"]
[SourceDate "2012.10.19"]
[SourceVersion "1"]
[SourceVersionDate "2012.10.19"]
[SourceQuality "1"]
[WhiteTeam "Mecklenburg Vorpommern"]
[BlackTeam "Hessen II"]
[WhiteTeamCountry "GER"]
[BlackTeamCountry "GER"]

1. e4 e5 2. Nf3 Nc6 3. Bb5 f5 4. Qe2 fxe4 5. Qxe4 Nf6 6. Qe2 Bd6 7. Nc3 0-0 8. d3 Nd4 9. Nxd4 exd4 10. Ne4 Bb4+ 11. Bd2 Bxd2+ 12. Qxd2 c6 13. Ba4 d5 14. Nxf6+ Qxf6 15. 0-0 Qg6 16. c3 Rf3 17. Qe2 Bg4 18. Bd1 Re8 19. Qc2 Re6 20. h3 Rxh3 21. Bxg4 Qxg4 22. f3 Qg3 23. Qf2 Qh2# 0-1

[Event "GER-chT North U16"]
[Site "Berlin"]
[Date "2012.09.06"]
[Round "2.1"]
[White "Ispirjan, Mikael"]
[Black "Beinke, Lukas"]
[Result "1/2-1/2"]
[WhiteElo "1961"]
[BlackElo "1887"]
[PlyCount "119"]
[EventDate "2012.09.06"]
[EventType "team-swiss"]
[EventRounds "7"]
[EventCountry "GER"]
[SourceTitle "EXT 2015"]
[Source "ChessBase"]
[SourceDate "2014.11.20"]
[SourceVersion "1"]
[SourceVersionDate "2014.11.20"]
[SourceQuality "1"]
[WhiteTeam "Torgelow"]
[BlackTeam "Hagen"]
[WhiteTeamCountry "GER"]
[BlackTeamCountry "GER"]

1. e4 e6 2. d4 d5 3. Nc3 Bb4 4. e5 c5 5. a3 cxd4 6. axb4 dxc3 7. f4 cxb2 8. Bxb2 Nc6 9. b5 Nce7 10. Nf3 Nf5 11. Bd3 Nge7 12. Qd2 h5 13. Qf2 a5 14. bxa6 bxa6 15. 0-0 0-0 16. Bc3 a5 17. Rfb1 Qc7 18. Bd2 a4 19. Nd4 Nxd4 20. Qxd4 Nc6 21. Qc5 Qa7 22. Qxa7 Rxa7 23. Bb5 Bd7 24. Be3 Raa8 25. Bxa4 Nxe5 26. fxe5 Rxa4 27. Rxa4 Bxa4 28. c3 Rc8 29. Bd4 Rc7 30. Kf2 Kh7 31. Kg3 Kg6 32. Rf1 Rb7 33. Kh4 Rb2 34. Rf2 Rxf2 35. Bxf2 f6 36. Bd4 Bd1 37. Kg3 Kf5 38. exf6 gxf6 39. Kf2 e5 40. Bc5 Ke4 41. Ke1 Bb3 42. Kd2 Bc4 43. Be7 f5 44. Bc5 Bf1 45. g3 Bh3 46. Bd6 h4 47. Bc7 Bg4 48. Bd8 h3 49. Bc7 d4 50. cxd4 exd4 51. Ke1 Kf3 52. Kf1 d3 53. Bf4 Bh5 54. Ke1 Be8 55. Kd2 Bb5 56. Bc7 Kg2 57. g4 fxg4 58. Bg3 Kf3 59. Bb8 g3 60. Bxg3 1/2-1/2